Phương pháp cho trẻ làm quen với tác phẩm văn học
محفوظ في:
| المؤلف الرئيسي: | |
|---|---|
| التنسيق: | كتاب |
| اللغة: | Undetermined |
| منشور في: |
Hà Nội
Đại học Quốc gia
2004
|
| الموضوعات: | |
| الوسوم: |
إضافة وسم
لا توجد وسوم, كن أول من يضع وسما على هذه التسجيلة!
|
| Thư viện lưu trữ: | Trung tâm Học liệu Trường Đại học Cần Thơ |
|---|
| LEADER | 00639nam a2200205Ia 4500 | ||
|---|---|---|---|
| 001 | CTU_92300 | ||
| 008 | 210402s9999 xx 000 0 und d | ||
| 020 | |c 7200 | ||
| 082 | |a 372.64 | ||
| 082 | |b Nh513 | ||
| 100 | |a Nguyễn, Thị Tuyết Nhung | ||
| 245 | 0 | |a Phương pháp cho trẻ làm quen với tác phẩm văn học | |
| 245 | 0 | |c Nguyễn Thị Tuyết Nhung, Phạm Thị Việt | |
| 260 | |a Hà Nội | ||
| 260 | |b Đại học Quốc gia | ||
| 260 | |c 2004 | ||
| 650 | |a Education | ||
| 650 | |x Language arts | ||
| 904 | |i Năm(Tuyen) | ||
| 980 | |a Trung tâm Học liệu Trường Đại học Cần Thơ | ||